00486nam a22001457a 4500020002200000040001500022082001600037100004200053245004000095260003600135300002100171942001200192999001900204952011700223 a9789351072256qPB cNUSTdNUST a620.11bPHI aPhilip, Mathew & Bolton , Bill918938 aTechnology of Engineering Materials aNEW Delhi, ;bElsevier, c2014. a471 p. ;b28 cm. 2ddccBK c527602d527602 00102ddc4070aSMMEbSMMEcGENd2019-08-01o620.11 PHIpSMME-3456r2019-08-01w2019-08-01yBKzRack,40-Shelf,2